NBA 2026 Playoff Stat Leaders - Statistics

General Stats
  • This quiz has been taken 264 times
    32 since last reset
  • The average score is 38 of 55
Answer Stats
Hint Answer % Correct
Pistons Cade Cunningham
100%
Knicks Jalen Brunson
100%
Thunder Shai Gilgeous-Alexander
100%
Spurs Stephon Castle
100%
Spurs Victor Wembanyama
100%
Knicks Karl-Anthony Towns
96%
Lakers LeBron James
96%
Thunder Chet Holmgren
92%
Pistons Jalen Duren
92%
Cavaliers Donovan Mitchell
88%
Nuggets Nikola Jokic
88%
Rockets Alperen Sengun
83%
Spurs De'Aaron Fox
83%
Spurs Devin Vassell
83%
Pistons Duncan Robinson
83%
Cavaliers Evan Mobley
83%
Cavaliers James Harden
83%
Cavaliers Jarrett Allen
83%
Knicks Josh Hart
83%
Timberwolves Rudy Gobert
83%
Thunder Alex Caruso
79%
Thunder Isaiah Hartenstein
79%
Celtics Jaylen Brown
79%
Magic Paolo Banchero
79%
Rockets Amen Thompson
75%
Pistons Ausar Thompson
75%
Thunder Cason Wallace
75%
Raptors RJ Barrett
75%
Sixers Tyrese Maxey
75%
Magic Franz Wagner
71%
Celtics Jayson Tatum
71%
Raptors Scottie Barnes
71%
Lakers Marcus Smart
67%
Magic Wendell Carter Jr.
67%
Magic Desmond Bane
63%
Lakers Deandre Ayton
58%
Rockets Jabari Smith Jr.
58%
Celtics Neemias Queta
58%
Pistons Tobias Harris
58%
Celtics Derrick White
54%
Suns Dillon Brooks
50%
Spurs Julian Champagnie
50%
Spurs Luke Kornet
50%
Hawks Nickeil Alexander-Walker
50%
Suns Jalen Green
46%
Trailblazers Jrue Holiday
46%
Sixers Paul George
46%
Rockets Reed Sheppard
46%
Lakers Rui Hachimura
46%
Cavaliers Max Strus
42%
Pistons Isaiah Stewart
33%
Rockets Tari Eason
33%
Magic Anthony Black
29%
Magic Goga Bitadze
17%
Raptors Ja'Kobe Walter
13%
No matching quizzes found
Score Distribution
Percent of People with Each Score
Percentile by Number Answered
Your Score History
You have not taken this quiz since the last reset